Top 100 soccer players 2014 - Statistics

General Stats
  • This quiz has been taken 6,795 times
  • The average score is 52 of 100
Answer Stats
Rank Player Club Country % Correct
2 Cristiano Ronaldo Real Madrid Portugal
99%
3 Lionel Messi Barcelona Argentina
99%
7 Neymar Barcelona Brazil
94%
9 Luis Suarez Liverpool, Barcelona Uruguay
93%
4 Arjen Robben Bayern Netherlands
91%
1 Manuel Neuer Bayern Germany
90%
14 Gareth Bale Real Madrid Wales
89%
10 Zlatan Ibrahimovic Paris-SG Sweden
89%
8 Thomas Müller Bayern Germany
87%
6 Angel Di Maria Real Madrid, Manchester United Argentina
86%
15 Sergio Agüero Manchester City Argentina
86%
11 Toni Kroos Bayern, Real Madrid Germany
86%
13 Karim Benzema Real Madrid France
84%
25 Luka Modric Real Madrid Croatia
84%
28 Robert Lewandowski Borussia Dortmund, Bayern Poland
84%
17 James Rodriguez Monaco, Real Madrid Colombia
83%
16 Eden Hazard Chelsea Belgium
82%
5 Philipp Lahm Bayern Germany
78%
26 Alexis Sanchez Barcelona, Arsenal Chile
77%
27 Sergio Ramos Real Madrid Spain
77%
19 Paul Pogba Juventus France
76%
41 David Silva Manchester City Spain
75%
63 Thiago Silva Paris-SG Brazil
75%
24 Yaya Touré Manchester City Cote d'Ivoire
75%
12 Diego Costa Atletico, Chelsea Spain
71%
29 Robin Van Persie Manchester United Netherlands
71%
45 Andres Iniesta Barcelona Spain
70%
36 Arturo Vidal Juventus Chile
69%
33 Marco Reus Borussia Dortmund Germany
69%
35 David Alaba Bayern Austria
68%
18 Javier Mascherano Barcelona Argentina
67%
88 Kevin De Bruyne Wolfsburg Belgium
67%
39 Jerome Boateng Bayern Germany
66%
50 Keylor Navas Levante, Real Madrid Costa Rica
66%
65 Mesut Özil Arsenal Germany
66%
49 Marcelo Real Madrid Brazil
65%
48 Wayne Rooney Manchester United England
65%
38 Mats Hummels Borussia Dortmund Germany
64%
21 Thibault Courtois Atletico, Chelsea Belgium
64%
23 Diego Godin Atletico Uruguay
63%
58 Ivan Rakitic Sevilla, Barcelona Croatia
63%
30 Raphaël Varane Real Madrid France
62%
51 Miroslav Klose Lazio Germany
60%
43 Vincent Kompany Manchester City Belgium
60%
60 Antoine Griezmann Real Sociedad, Atletico France
59%
32 Xabi Alonso Real Madrid, Bayern Spain
58%
69 Gianluigi Buffon Juventus Italy
57%
20 Mario Götze Bayern Germany
56%
31 Cesc Fabregas Barcelona, Chelsea Spain
55%
22 Bastian Schweinsteiger Bayern Germany
53%
55 Sergio Busquets Barcelona Spain
52%
75 Daniel Alves Barcelona Brazil
51%
34 Andrea Pirlo Juventus Italy
50%
37 Koke Atletico Spain
50%
84 David Luiz Paris-SG Brazil
49%
66 Arda Turan Atletico Turkey
48%
40 Mario Mandzukic Bayern, Atletico Croatia
48%
59 Wesley Sneijder Galatasaray Netherlands
47%
80 Jordi Alba Barcelona Spain
46%
42 Branislav Ivanovic Chelsea Serbia
45%
56 David De Gea Manchester United Spain
45%
57 Nemanja Matic Chelsea Serbia
45%
54 Oscar Chelsea Brazil
45%
47 Marco Verratti Paris-SG Italy
43%
64 John Terry Chelsea England
42%
70 Sami Khedira Real Madrid Germany
40%
81 Filipe Luis Atletico, Chelsea Brazil
38%
82 Willian Chelsea Brazil
37%
53 Daley Blind Ajax, Manchester United Netherlands
36%
83 Javi Martinez Bayern Spain
35%
44 Blaise Matuidi Paris-SG France
34%
52 Daniel Sturridge Liverpool England
33%
71 Pablo Zabaleta Manchester City Argentina
33%
62 Claudio Bravo Real Sociedad, Barcelona Chile
32%
85 Fernandinho Manchester City Brazil
32%
76 Mehdi Benatia AS Roma, Bayern Morocco
31%
89 Daniel Carvajal Real Madrid Spain
29%
73 Daniele De Rossi AS Roma Italy
29%
95 Gervinho AS Roma Cote d'Ivoire
28%
79 Juan Guillermo Cuadrado Fiorentina Colombia
28%
46 Andre Schürrle Chelsea Germany
27%
74 Cesar Azpilicueta Chelsea Spain
27%
99 Kostas Manolas Olympiacos, AS Roma Greece
27%
100 Joel Campbell Olympiacos, Arsenal Costa Rica
23%
94 Marcos Rojo Sporting, Manchester United Argentina
23%
91 Dante Bayern Brazil
22%
72 Gabi Atletico Spain
21%
68 Yacine Brahimi Granada, Porto Algeria
21%
93 Stephan Lichtsteiner Juventus Switzerland
20%
61 Joao Miranda Atletico Brazil
19%
77 Juanfran Atletico Spain
19%
90 Tiago Atletico Portugal
17%
67 Mathieu Valbuena Marseille, Dynamo Moscow France
16%
86 Martin Demichelis Manchester City Argentina
14%
87 Ron Vlaar Aston Villa Netherlands
11%
92 Ezequiel Garay Benfica, Zenit Argentina
10%
96 Nicolas Gaitan Benfica Argentina
9%
78 Vincent Enyeama Lille Nigeria
8%
97 Juan Camilo Zuniga Naples Colombia
7%
98 Lars Bender Leverkusen Germany
7%
No matching quizzes found
Score Distribution
Percent of People with Each Score
Percentile by Number Answered
Your Score History
You have not taken this quiz